000 00389nam a2200169 i 4500
001 bg
100 1 _aCZECHOWSKI, Leszek
245 0 _aPlanety widziane z bliska /
_cLeszek Czechowski.
260 _aWarszawa,
_c1985.
490 1 _aOmega ;
_v393
830 _aOmega ;
040 _cBPK
041 _apol
080 _a523.4
942 _cKS
008 s pl f |000 0 pol
999 _c28169
_d28169
856 _uhttp://koha.tu.koszalin.pl/cgi-bin/koha/opac-detail.pl?biblionumber=28169
_yKatalog online BPK